<?xml version="1.0" encoding="UTF-8"?>
<record
    xmlns:xsi="http://www.w3.org/2001/XMLSchema-instance"
    xsi:schemaLocation="http://www.loc.gov/MARC21/slim http://www.loc.gov/standards/marcxml/schema/MARC21slim.xsd"
    xmlns="http://www.loc.gov/MARC21/slim">

  <leader>04367nab a2200373   4500</leader>
  <controlfield tag="003">BR-BrBNA</controlfield>
  <controlfield tag="005">20251011113121.0</controlfield>
  <controlfield tag="008">251011b2024    bl.ar|pooa||| 00| 0 eng |</controlfield>
  <datafield tag="040" ind1=" " ind2=" ">
    <subfield code="a">BR-BrBNA</subfield>
    <subfield code="b">por</subfield>
  </datafield>
  <datafield tag="072" ind1=" " ind2=" ">
    <subfield code="a">K10 ; F03</subfield>
    <subfield code="b">3200</subfield>
  </datafield>
  <datafield tag="100" ind1=" " ind2=" ">
    <subfield code="a">Pinheiro, Rom&#xE1;rio de Mesquita </subfield>
  </datafield>
  <datafield tag="100" ind1=" " ind2=" ">
    <subfield code="a">Carvalho, Henrique Pereira de </subfield>
  </datafield>
  <datafield tag="100" ind1=" " ind2=" ">
    <subfield code="a">Marques, Ricardo de Ara&#xFA;jo </subfield>
  </datafield>
  <datafield tag="100" ind1=" " ind2=" ">
    <subfield code="a">Ferreira, Evandro Jos&#xE9; Linhares </subfield>
  </datafield>
  <datafield tag="100" ind1=" " ind2=" ">
    <subfield code="a">Gadotti, Gizele Ingrid </subfield>
  </datafield>
  <datafield tag="100" ind1=" " ind2=" ">
    <subfield code="a">Barros, Qu&#xE9;tila Souza </subfield>
  </datafield>
  <datafield tag="100" ind1=" " ind2=" ">
    <subfield code="a">Rocha, Andrea Alechandre da </subfield>
  </datafield>
  <datafield tag="100" ind1=" " ind2=" ">
    <subfield code="a">Oliveira, Erica Karolina Barros de </subfield>
  </datafield>
  <datafield tag="245" ind1=" " ind2=" ">
    <subfield code="a">Effect of dormancy on the emergence of Tabernaemontana heterophylla seedlings in different substrates</subfield>
  </datafield>
  <datafield tag="500" ind1=" " ind2=" ">
    <subfield code="a">Summaries (En, Pt); 32 ref.; 4 illus.; 1 table</subfield>
  </datafield>
  <datafield tag="520" ind1=" " ind2=" ">
    <subfield code="a">ABSTRACT - The composition and dynamics of plant communities are determined by the survival, dispersal and persistence of seeds in the soil, some of the fundamental aspects for understanding plant
biology, among which seed dormancy is of particular importance. The aim of this work was to find out whether seed dormancy is affected by certain substrates in order to improve the production of Tabernaemontana heterophylla seedlings. Treatments were carried out with different substrates (T1. Sand, T2. Vegetable clay, T3. Vegetable clay + sand (1:1 ratio), T4. Vermiculite, T5. Cattle manure, T6. Sawdust and T7. Organic compost) in 7 x 4 factorial schemes, the results of which were subjected to an analysis of variance and a comparison of means with the Tukey test at a probability of 5%. The seeds with visible germination structure (hypocotyl) showed an apical meristem in a dormant stage. The number of normal seedlings did not exceed 25% of the germinated seeds in all treatments, with a high proportion of nonviable seeds observed. In the absence of technical information on overcome dormancy, it is important to use strategies that stimulate germination and subsequent seedling growth. The slow germination combined with the presence of dormancy in the hypocotyledon were factors that negatively affected the propagation of the species studied. Keywords: Forest species; Germination; Forest seeds. </subfield>
  </datafield>
  <datafield tag="520" ind1=" " ind2=" ">
    <subfield code="a">RESUMO &#x2013; A composi&#xE7;&#xE3;o e a din&#xE2;mica das comunidades vegetais s&#xE3;o determinadas pela sobreviv&#xEA;ncia, dispers&#xE3;o e persist&#xEA;ncia das sementes no solo, alguns dos aspectos fundamentais para a compreens&#xE3;o da biologia vegetal, entre os quais se destaca a dorm&#xEA;ncia das sementes. O objetivo deste trabalho foi verificar se a dorm&#xEA;ncia das sementes &#xE9; afetada por determinados substratos, a fim de melhorar a produ&#xE7;&#xE3;o de mudas de Tabernaemontana heterophylla. Os tratamentos foram realizados
com diferentes substratos (T1. Areia, T2. Argila vegetal, T3. Argila vegetal + areia (propor&#xE7;&#xE3;o 1:1), T4. Vermiculita, T5. Estrume de gado, T6. Serragem e T7. Composto org&#xE2;nico) em esquemas fatoriais 7 x 4, cujos resultados foram submetidos a uma an&#xE1;lise de vari&#xE2;ncia e a uma compara&#xE7;&#xE3;o de m&#xE9;dias
com o teste de Tukey a uma probabilidade de 5%. As sementes com estrutura germinativa vis&#xED;vel (hipoc&#xF3;tilo) apresentaram meristema apical em estado de dorm&#xEA;ncia. O n&#xFA;mero de pl&#xE2;ntulas normais n&#xE3;o ultrapassou 25% das sementes germinadas em todos os tratamentos, tendo sido observada uma elevada propor&#xE7;&#xE3;o de sementes invi&#xE1;veis. Na aus&#xEA;ncia de informa&#xE7;&#xF5;es t&#xE9;cnicas sobre a supera&#xE7;&#xE3;o da
dorm&#xEA;ncia, &#xE9; importante utilizar estrat&#xE9;gias que estimulem a germina&#xE7;&#xE3;o e o posterior crescimento das pl&#xE2;ntulas. A lenta germina&#xE7;&#xE3;o aliada &#xE0; presen&#xE7;a de dorm&#xEA;ncia no hipoc&#xF3;tilo foram fatores que afetaram negativamente a propaga&#xE7;&#xE3;o da esp&#xE9;cie estudada. Palavras-Chave: Esp&#xE9;cie florestal; Germina&#xE7;&#xE3;o; Sementes florestais. </subfield>
  </datafield>
  <datafield tag="650" ind1=" " ind2=" ">
    <subfield code="a">TABERNAEMONTANA HETEROPHYLLA</subfield>
  </datafield>
  <datafield tag="650" ind1=" " ind2=" ">
    <subfield code="a">&#xC1;RVORE ANGIOSPERMA</subfield>
  </datafield>
  <datafield tag="650" ind1=" " ind2=" ">
    <subfield code="a">DORM&#xCA;NCIA DA SEMENTE</subfield>
  </datafield>
  <datafield tag="650" ind1=" " ind2=" ">
    <subfield code="a">PL&#xC2;NTULA</subfield>
  </datafield>
  <datafield tag="650" ind1=" " ind2=" ">
    <subfield code="a">EMERG&#xCA;NCIA</subfield>
  </datafield>
  <datafield tag="650" ind1=" " ind2=" ">
    <subfield code="a">GERMINA&#xC7;&#xC3;O</subfield>
  </datafield>
  <datafield tag="650" ind1=" " ind2=" ">
    <subfield code="a">SUBSTRATO DE CULTURA</subfield>
  </datafield>
  <datafield tag="773" ind1="0" ind2=" ">
    <subfield code="0">812</subfield>
    <subfield code="9">346931</subfield>
    <subfield code="d">Vi&#xE7;osa-MG Sociedade de Investiga&#xE7;&#xF5;es Florestais - Universidade Federal de Vi&#xE7;osa. Depto. de Engenharia Florestal 1977</subfield>
    <subfield code="o">2024-7729</subfield>
    <subfield code="t">Revista &#xC1;rvore (Brazil)</subfield>
    <subfield code="x">0100-6762</subfield>
    <subfield code="g">v. 48 p. 1-12; (2024)</subfield>
    <subfield code="w">BR2025003815</subfield>
  </datafield>
  <datafield tag="856" ind1=" " ind2=" ">
    <subfield code="u">https://www.scielo.br/j/rarv/a/rm3WhH5pcFhTgGq6ypknfNJ/?format=pdf&amp;lang=en</subfield>
  </datafield>
  <datafield tag="942" ind1=" " ind2=" ">
    <subfield code="c">ANA</subfield>
  </datafield>
  <datafield tag="999" ind1=" " ind2=" ">
    <subfield code="c">338651</subfield>
    <subfield code="d">338651</subfield>
  </datafield>
</record>
